000 01369camia22002535a 4500
001 ##L131745
008 051205c2003 xxkff l e 000 0 eng d
020 _a9781845928469
020 _a184592/8466
_a9781845928469
035 _a(Sirsi) u131745
041 0 _aeng
050 0 4 _a658.2 $2 18
245 0 4 _aThe complete guide to facilities management
260 _aHaywards Heath
_bTottel Publishing
_c2003
300 _axv, c1000p
_c24cm
_flooseleaf
350 _a216.91
505 2 2 _aHealth and safety management -- Building services and maintenance -- Staff workplace facilities -- Front of house and customer care -- Cleaning and catering -- Fire safety and security -- Utilities -- Environmental management -- IT, telecoms and reprographics -- Outsourcing and contract management -- Construction projects -- Property and fleet management -- Business and finance
520 _aContains up-to-date reference, compliance and best practice information. Case studies, case and statute law.
520 _aThis looseleaf is up-to-date as at August 2009. We have cancelled our subscription and will remove this title from our collection when it becomes out-of-date. Please ask a member of staff for more details.
651 4 _aEngland and Wales
_y1543-
690 _aMANAGEMENT-FACILITIES MANAGEMENT
700 1 _aFielder, Ian R.
_eGeneral Editor
942 _n0
999 _c104821
_d104821